00524nam a2200193Ia 4500003000400000005001700004008004100021020002200062040000700084041000800091082002200099100001900121245006800140260004700208300001500255365001300270440002900283650001800312OSt20230331162735.0210423s2018 xx 000 0 und d a978-81-8930-104-0 cAL aeng a570.02 223bSINT aSINGH (Pramod) aTrumans CSIR UGC NET for JRF lectureship life sciencesbBiology aNew DelhibDanika publishing companyc2018 axi,950bPB b750cINR aTruemans specific series aLife Sciences